Ils nous ont quitté en 2023, quel était leur nationalité ? (2) - Statistiques

Statistiques générales
  • Ce quiz a été pris 32 fois
  • Le résultat moyen est 10 sur 30
Statistiques - réponses
Hint Extra Hint Explanation Réponse % Correct
Silvio Berlusconi Juin 12 Homme politique Italienne
75%
Jean-Louis Murat Mai 25 Chanteur Française
64%
Meir Shalev Avril 11 Ecrivain Israélienne
64%
Tina Turner Mai 24 Chanteuse Américaine
61%
Claude Sarraute Juin 20 Chroniqueuse Française
61%
Alain Touraine Juin 9 Sociologue Française
57%
Jacques Gaillot Avril 12 Evêque Française
57%
François Léotard Avril 25 Homme politique Française
57%
Philippe Bouvatier Avril 7 Cyvliste Française
54%
Jerry Springer Avril 27 Animateur de télévision Américaine
43%
Tori Bowie Mai 3 Athlète Américaine
39%
Cormac McCarthy Juin 13 Romancier Américaine
39%
Harry Belafonte Avril 25 Chanteur Américaine
36%
Helmut Berger Mai 18 Acteur Autrichienne
36%
Astrud Gilberto Juin 5 Chanteuse Brésilienne
36%
Jim Hines Juin 3 Athlète Américaine
32%
Philippe Sollers Mai 5 Ecrivain Française
29%
Anne Perry Avril 10 Romancière Britannique
21%
Ingrid Haebler Mai 14 Pianiste Autrichienne
18%
Barry Humphries Avril 22 Acteur Australienne
14%
Kaija Saariaho Juin 2 Compositrice Finlandaise
14%
Gino Mader Juin 16 Cycliste Suisse
14%
Claude Barzotti Juin 24 Chanteur Belge
11%
Murray Melvin Avril 14 Acteur Britannique
11%
Georges Kiejman Mai 9 Avocat & Homme politique Française
11%
Craig Breen Avril 13 Pilote de rallye Irlandaise
11%
Ahmad Jamal Avril 16 Pianiste Américaine
7%
Glenda Jackson Juin 15 Actrice Britannique
7%
Rita Lee Mai 8 Chanteuse Brésilienne
0%
Michel Côté Mai 29 Acteur Canadienne
0%
Aucun quiz correspondant
Distribution des résultats
% des personnes avec chaque résultat
Percentile par nombre de réponses
Votre historique - résultats
Vous n’avez pas pris ce quiz